000 00723nam a2200253Ia 4500
003 OSt
005 20220918221227.0
006 a|||||r|||| 00| 0
007 ta
008 220917b |||||||| |||| 00| 0 eng d
024 _a148,844
037 _cTextual
040 _aARTS
_cARTS
_beng
041 _2eng
_aeng
082 _aTz7, J8 (GE)
100 _aHans Nicholas
_9139636
245 0 _aComparative education
_b a study of educational factors and traditions
250 _a3rd
260 _c1958
490 _aInternational library of sociology and social reconstruction, ed by W J H Sprott
650 _aEDUCATION
942 _hTz7, J8 (GE)
_cTEXL
_2CC
999 _c271520
_d271520